ਸਿੱਖ ਮਾਨਸਿਕਤਾ ਅਤੇ ਬਾਬਾ ਅਟੱਲ ਦੇ ਕੰਧ-ਚਿਤਰ / (Record no. 110473)

MARC details
000 -LEADER
fixed length control field 01296nam a22002657a 4500
005 - DATE AND TIME OF LATEST TRANSACTION
control field 20170123164153.0
010 ## - LIBRARY OF CONGRESS CONTROL NUMBER
LC control number B-277123
020 ## - INTERNATIONAL STANDARD BOOK NUMBER
Terms of availability 300.00
International Standard Book Number 8177701401
035 ## - SYSTEM CONTROL NUMBER
System control number B-277123
037 ## - SOURCE OF ACQUISITION
Stock number Cen Lib / Ret
040 ## - CATALOGING SOURCE
Original cataloging agency DPL
Language of cataloging PN
082 ## - DEWEY DECIMAL CLASSIFICATION NUMBER
Classification number 850
Item number ਸੰਤੋਖ
100 ## - MAIN ENTRY--PERSONAL NAME
Personal name ਸੰਤੋਖ ਸਿੰਘ ਸ਼ਹਰਯਾਰ
9 (RLIN) 51904
245 ## - TITLE STATEMENT
Title ਸਿੱਖ ਮਾਨਸਿਕਤਾ ਅਤੇ ਬਾਬਾ ਅਟੱਲ ਦੇ ਕੰਧ-ਚਿਤਰ /
Statement of responsibility, etc ਸੰਤੋਖ ਸਿੰਘ ਸ਼ਹਰਯਾਰ ; ਬ੍ਰਿਜ ਬੇਦੀ
246 ## - VARYING FORM OF TITLE
Title proper/short title Sikkha mānasikatā ate Bābā Aṭṭala de kandha-citara /
Remainder of title by Santokha Siṅgha Shaharayāra; Brija Bedī
260 ## - PUBLICATION, DISTRIBUTION, ETC. (IMPRINT)
Place of publication, distribution, etc ਅੰਮ੍ਰਿਤਸਰ
Name of publisher, distributor, etc ਗੁਰੂ ਨਾਨਕ ਦੇਵਾ ਯੂਨੀਵਰਸਿਟੀ
Date of publication, distribution, etc 2007
270 ## - ADDRESS
Address ਗੁਰੂ ਨਾਨਕ ਦੇਵਾ ਯੂਨੀਵਰਸਿਟੀ
City ਅੰਮ੍ਰਿਤਸਰ
300 ## - PHYSICAL DESCRIPTION
Extent 86p.
Dimensions 23cm(Hb)
650 ## - SUBJECT ADDED ENTRY--TOPICAL TERM
Topical term or geographic name as entry element ਪੰਜਾਬੀ ਸਾਹਿਤ- ਕਹਾਣੀਆਂ
9 (RLIN) 136097
650 ## - SUBJECT ADDED ENTRY--TOPICAL TERM
Topical term or geographic name as entry element ਪੰਜਾਬੀ ਸਾਹਿਤ
9 (RLIN) 136098
650 ## - SUBJECT ADDED ENTRY--TOPICAL TERM
Topical term or geographic name as entry element Punjabi Literature-Stories
9 (RLIN) 136099
650 ## - SUBJECT ADDED ENTRY--TOPICAL TERM
Topical term or geographic name as entry element Punjabi Literature
9 (RLIN) 136100
700 ## - ADDED ENTRY--PERSONAL NAME
Personal name ਬ੍ਰਿਜ ਬੇਦੀ
9 (RLIN) 136101
942 ## - ADDED ENTRY ELEMENTS (KOHA)
Source of classification or shelving scheme Dewey Decimal Classification
Koha item type Punjabi Bks
Classification part 850
Call number suffix ਸੰਤੋਖ
Holdings
Withdrawn status Lost status Damaged status Not for loan Home library Current library Date acquired Source of acquisition Cost, normal purchase price Total Checkouts Full call number Barcode Date last seen Copy number Cost, replacement price Price effective from Koha item type
        Central Library Central Library 25/01/2016 Cen Lib/Ret 300.00   850 ਸੰਤੋਖਾ B-277123 25/01/2016 1 300.00 25/01/2016 Punjabi Bks

© Delhi Public Library
Hit Counter
free hit counter